| 000 | 00406nam a22001577a 4500 | ||
|---|---|---|---|
| 999 |
_c9069 _d9069 |
||
| 003 | OSt | ||
| 008 | 200715b ||||| |||| 00| 0 eng d | ||
| 020 | _a9789381595022. | ||
| 100 | _aGokhale ,S.B. & Other | ||
| 245 | _aDispensing & Community Pharmacy | ||
| 250 | _a2019 | ||
| 260 |
_aNew Delhi _bNirali |
||
| 300 | _aPg-19.14 | ||
| 650 | _aPharmaceutics (Dispensing and General Pharmacy | ||
| 942 |
_2ddc _cBK |
||